Les équipes ayant battu l'Argentine en Coupe du Monde - Statistiques

Statistiques générales
  • Ce quiz a été pris 60 fois
  • Le résultat moyen est 8 sur 22
Statistiques - réponses
Hint Réponse Scores stade compétition % Correct
2018 France 3-4 1/8eme
98%
2022 Arabie Saoudite 1-2 1er Tour
96%
2014 Allemagne 0-1 a.p. Finale
84%
2018 Croatie 0-3 1er Tour
73%
2010 Allemagne 0-4 1/4 finale
67%
2006 Allemagne 1-1 a.p. 2 tab à 4 1/4 Finale
58%
1990 RFA 0-1 Finale
42%
1930 Uruguay 2-4 Finale
42%
1998 Pays-Bas 1-2 1/4 Finale
36%
1982 Brésil 1-3 2nd Tour
27%
1982 Italie 1-2 2nd Tour
25%
1966 Angleterre 0-1 1/4 Finale
24%
2022 Angleterre 0-1 1er Tour
20%
1994 Roumanie 2-3 1/8eme Finale
20%
1978 Italie 0-1 1er Tour
16%
1974 Pays-Bas 0-4 1nd Tour
16%
1958 RFA 1-3 1er Tour
15%
1974 Bresil 1-2 2nd Tour
13%
1934 Suède 2-3 1/8eme
9%
1962 Angleterre 1-3 1er Tour
7%
1974 Pologne 2-3 1er Tour
5%
1958 Tchécoslovaquie 1-6 1er Tour
5%
Aucun quiz correspondant
Distribution des résultats
% des personnes avec chaque résultat
Percentile par nombre de réponses
Votre historique - résultats
Vous n’avez pas pris ce quiz